000 00591nam a22002177a 4500
005 20170124110109.0
010 _aA-897421
020 _c00.00
_a8120719247
035 _aA-897421
037 _bCen Lib/Ret
040 _aDPL
_bEN
082 _aN
_bBAS
100 _aBasu, Romen
_924844
245 _aTorn apart :
_cby Romen apart
_ba novel /
260 _bSterling Publishers
_c1997
_aNew Delhi
270 _aL-10, Green Park Extension
_bNew Delhi
_e110016
300 _a193p.
_c20cm(Hb)
650 _aEnglish fiction
_928654
650 _aLiterature
_96262
942 _2ddc
_cEN
_hN
_mBAS
999 _c130231
_d130231